| 000 | 00408nam a2200145Ia 4500 | ||
|---|---|---|---|
| 008 | 230917s9999||||xx |||||||||||||| ||und|| | ||
| 040 |
_e69580 _aMAIN |
||
| 041 | _aEnglish | ||
| 082 | _a667.9 M992T | ||
| 100 | _aMyers, Raymond R, ed | ||
| 245 | 0 | _aTreatise on ceatings. 5v. v 3: Pigments Part 1. v. 4:Formulations Part 1 | |
| 260 |
_aNew York _bMarcel Dekker _c1975 |
||
| 300 | _axv, 587 p. | ||
| 942 | _cBK | ||
| 999 |
_c188699 _d188699 |
||